| 000 | 00474cam a2200181ua 4500 | ||
|---|---|---|---|
| 001 | 6209 | ||
| 005 | 20260515114019.0 | ||
| 008 | 131121n ii |||gr||||Z||||||eng | ||
| 040 | _cMAIN | ||
| 082 | _a657 | ||
| 245 | 1 | 1 |
_aIntroduction to Accountancy _cBy S.N. Maheswari |
| 260 |
_aNew Delhi: _bVikas Publishing House Pvt ltd, _c1984. |
||
| 300 | _ax,866p. | ||
| 653 | _aCommerce | ||
| 653 | _aIntroduction to accountancy | ||
| 700 | 1 |
_aMaheswari,S.N., _eAuthor. |
|
| 942 | _cBK | ||
| 999 |
_c5356 _d5356 |
||